000
00350pam a2200157a 44500
008
230515b1913 xxu||||| |||| 00| 0 eng d
020
_a
NULL
041
_a
MARATHI
082
_a
1
100
_a
PADHE
245
_a
SART SHRICARAK SAMHITA-4
250
_a
1
260
_a
SANGAI
_b
N.D.
_c
1913
300
_a
100
650
_a
SART SHRICARAK SAMHITA-4
999
_c
497008
_d
497008